000 00805nam a2200217 a 4500
999 _c7987
_d7987
001 7987
003 BD-JhCC
005 20180402192201.0
008 171018s1998 bg |||| ||a| 000 0 ben d
035 _a(BD-JhCC)7987
040 _aBD-JhCC
_dBD-JhCC
041 _aben
082 _a954.092
_bRAH 1998
100 _aরহমান, মোঃ আনিসুর
245 _aমুক্তিযুদ্ধোত্তর বাংলাদেশ :
_b অর্থনীতি ও গণতন্ত্রের সংকট /
_cমোঃ আনিসুর রহমান
260 _aঢাকা :
_bনওরোজ কিতাবিস্তান,
_c1998.
300 _a142 p. :
_c22 cm.
650 _aHistory
_xEconomic Condition
_zBangladesh
942 _2ddc
_cBK